000 00632nam a2200265Ia 4500
005 20260121161401.0
008 008 260114s9999 xx 000 0 eng d
020 _a9781315181424
037 _aEBOOK
040 _aCRL
040 _beng
040 _cCRL
041 _2eng
041 _aeng
084 _qCRL
100 _aManual of Forensic Science
_91043926
245 0 _aAnna Barbaro
260 _bTaylor and Francis
260 _c2018
650 _aForensic Science
_91043927
856 _uhttp://www.taylorfrancis.com/books/9781315181424
942 _cEBOOK
999 _c1610369
_d1610369